[Event "DEM U14 2006"]
[Site "Willingen GER"]
[Date "2006.06.05"]
[Round "3"]
[White "Kaphle, Stephan"]
[Black "Zelbel, Patrick"]
[Result "0-1"]
[Termination "normal"]
[Board "1"]
[WhiteElo "2020"]
[BlackElo "2019"]
[PlyCount "78"]
[WhiteFideId "24629103"]
[BlackFideId "24624322"]
[EventCountry "GER"]
[EventRounds "9"]
[EventType "swiss"]
[EventDate "2006.06.03"]

1. e4 c5 2. Nf3 d6 3. d4 cxd4 4. Nxd4 Nf6 5. Nc3 a6 6. f3 e5 7. Nb3 Be6 8. Be3
Be7 9. Qd2 O-O 10. O-O-O Nbd7 11. g4 b5 12. h4 b4 13. Nd5 Bxd5 14. exd5 Nb6 15.
Na5 Nbxd5 16. Nc6 Qc8 17. Nxe7+ Nxe7 18. Qxd6 Nc6 19. Qc5 Ra7 20. Qc4 Rc7 21.
Bb6 Rb7 22. Qxa6 b3 23. Bc5 Nb4 24. Qa5 bxa2 25. Bxb4 Qa8 26. Kd2 Ra7 27. Qxe5
Re8 28. Qf5 a1=Q 29. Rxa1 Rxa1 30. Bg2 Rxh1 31. Bxh1 Qa1 32. Bc3 Qxh1 33. Bxf6
gxf6 34. Qxf6 Qe1+ 35. Kd3 Qd1+ 36. Kc3 Rc8+ 37. Kb4 Qd2+ 38. Ka3 Qa5+ 39. Kb3
Qb5+ 0-1

[Event "DEM U14 2006"]
[Site "Willingen GER"]
[Date "2006.06.05"]
[Round "3"]
[White "Schubert, Sven"]
[Black "Geske, Julian"]
[Result "1/2-1/2"]
[Termination "normal"]
[Board "3"]
[WhiteElo "1977"]
[BlackElo "2140"]
[PlyCount "66"]
[WhiteFideId "24630551"]
[BlackFideId "24605263"]
[EventCountry "GER"]
[EventRounds "9"]
[EventType "swiss"]
[EventDate "2006.06.03"]

1. e4 d5 2. exd5 Qxd5 3. Nc3 Qa5 4. d4 Nf6 5. Nf3 Ne4 6. Bd2 Nxd2 7. Qxd2 e6 8.
Bd3 Be7 9. O-O O-O 10. Qe2 Nd7 11. Ne4 c5 12. dxc5 Nxc5 13. Nxc5 Qxc5 14. Rad1
Bf6 15. c3 Qc7 16. Bc2 Rb8 17. Rd2 b6 18. Rfd1 Bb7 19. Rd7 Qc5 20. h3 g6 21.
Be4 Bxe4 22. Qxe4 Rfd8 23. Rxd8+ Rxd8 24. Rxd8+ Bxd8 25. Qd4 Qxd4 26. Nxd4 Bf6
27. Nc2 Kf8 28. Kf1 Ke7 29. Ke2 Kd6 30. Kd3 Bg7 31. Ne3 e5 32. f3 f5 33. g4 Ke6
1/2-1/2

[Event "DEM U14 2006"]
[Site "Willingen GER"]
[Date "2006.06.05"]
[Round "3"]
[White "Strunski, Andreas"]
[Black "Petermann, Michail"]
[Result "1-0"]
[Termination "normal"]
[Board "7"]
[WhiteElo "2146"]
[BlackElo "1852"]
[PlyCount "111"]
[WhiteFideId "24606073"]
[BlackFideId "24643530"]
[EventCountry "GER"]
[EventRounds "9"]
[EventType "swiss"]
[EventDate "2006.06.03"]

1. d4 d6 2. c4 g6 3. Nc3 Bg7 4. e4 Nf6 5. Nge2 O-O 6. Ng3 e5 7. d5 Ng4 8. Be2
Qh4 9. Bxg4 Qxg4 10. f3 Qh4 11. O-O f5 12. exf5 gxf5 13. f4 a5 14. Be3 Na6 15.
Qc2 Bh6 16. Nge2 Bd7 17. Rae1 Rae8 18. Qd2 Kh8 19. Kh1 Rg8 20. Rf3 Qh5 21. Rh3
Qg6 22. Rg1 Bf8 23. Qe1 Re7 24. Qf2 b6 25. a3 Rf7 26. Nc1 Bg7 27. Nd3 Bf6 28.
Qd2 e4 29. Ne1 Rfg7 30. Ne2 Nc5 31. b4 axb4 32. axb4 Nb7 33. Nd4 Qf7 34. Nec2
Nd8 35. Nb3 Ba4 36. Nbd4 Bxc2 37. Nxc2 Nb7 38. Nd4 Be7 39. Ne6 Rg6 40. Nxc7 Bf6
41. Bxb6 Rc8 42. Qe2 Rg4 43. Ne6 Nd8 44. Bxd8 Bxd8 45. c5 dxc5 46. bxc5 Bf6 47.
c6 Rxc6 48. dxc6 Qxe6 49. c7 Qc6 50. Rh5 Rxf4 51. Qd2 Qxc7 52. Qe2 Qa5 53. h3
Be5 54. Qd1 Qb5 55. Qd8+ Kg7 56. Qe7+ 1-0

[Event "DEM U14 2006"]
[Site "Willingen GER"]
[Date "2006.06.05"]
[Round "3"]
[White "Specht, Christian"]
[Black "Fischer, Thomas"]
[Result "1-0"]
[Termination "normal"]
[Board "9"]
[WhiteElo "1933"]
[BlackElo "2045"]
[PlyCount "91"]
[WhiteFideId "24647985"]
[BlackFideId "4683277"]
[EventCountry "GER"]
[EventRounds "9"]
[EventType "swiss"]
[EventDate "2006.06.03"]

1. e4 c5 2. Nf3 Nc6 3. d4 cxd4 4. Nxd4 Nf6 5. Nc3 e5 6. Ndb5 d6 7. Bg5 a6 8.
Na3 Be6 9. Nc4 Rc8 10. Nd5 Bxd5 11. Bxf6 gxf6 12. Qxd5 Nb4 13. Qd2 d5 14. exd5
Qxd5 15. Qxd5 Nxd5 16. O-O-O Nf4 17. Nd6+ Bxd6 18. Rxd6 Ke7 19. Rd2 Rhd8 20.
Rxd8 Rxd8 21. g3 Ne6 22. Bg2 b6 23. Re1 Nc5 24. Bh3 Rd5 25. Bf5 h6 26. Rd1 Kd6
27. Rxd5+ Kxd5 28. Kd2 e4 29. Ke3 Ke5 30. g4 h5 31. h3 hxg4 32. hxg4 Na4 33.
Bxe4 Nxb2 34. f4+ Kd6 35. Kd4 Nd1 36. Bf3 Nb2 37. Bd5 Ke7 38. Bb3 Nd1 39. Bc4
a5 40. Bd5 Nb2 41. Bf3 Kd6 42. Kc3 Na4+ 43. Kc4 b5+ 44. Kxb5 Nc3+ 45. Kxa5 Nxa2
46. Kb5 1-0

[Event "DEM U14 2006"]
[Site "Willingen GER"]
[Date "2006.06.05"]
[Round "3"]
[White "Graf, Felix"]
[Black "Völsgen, Georg"]
[Result "1-0"]
[Termination "normal"]
[Board "11"]
[WhiteElo "2209"]
[BlackElo "1760"]
[PlyCount "77"]
[WhiteFideId "24608904"]
[BlackFideId "24635901"]
[EventCountry "GER"]
[EventRounds "9"]
[EventType "swiss"]
[EventDate "2006.06.03"]

1. d4 d5 2. c4 e6 3. Nc3 Nf6 4. cxd5 exd5 5. Bg5 Be7 6. e3 c6 7. Qc2 h6 8. Bf4
Be6 9. Bd3 Qa5 10. Nf3 Nbd7 11. h3 O-O 12. O-O Rfd8 13. a3 Rdc8 14. b4 Qd8 15.
Na4 a5 16. Nc5 Nxc5 17. bxc5 b5 18. cxb6 Qxb6 19. Rfb1 Qa7 20. Ne5 c5 21. dxc5
Bxc5 22. Qa4 Bd7 23. Nxd7 Qxd7 24. Qxd7 Nxd7 25. Bf5 Ra7 26. Rd1 g6 27. Bg4 h5
28. Bf3 Nf6 29. Bxd5 Nxd5 30. Rxd5 Bf8 31. a4 Raa8 32. Rad1 Rc4 33. Be5 Be7 34.
R1d4 Rb4 35. Bd6 Rb1+ 36. Kh2 Bf6 37. Be5 Bxe5+ 38. Rxe5 Rb4 39. Rxa5 1-0

[Event "DEM U14 2006"]
[Site "Willingen GER"]
[Date "2006.06.05"]
[Round "3"]
[White "Marx, Joschka"]
[Black "Schiffner, Kevin"]
[Result "0-1"]
[Termination "normal"]
[Board "13"]
[WhiteElo "1674"]
[BlackElo "1568"]
[PlyCount "112"]
[WhiteFideId "24645869"]
[BlackFideId "24674940"]
[EventCountry "GER"]
[EventRounds "9"]
[EventType "swiss"]
[EventDate "2006.06.03"]

1. e4 c5 2. Nf3 e6 3. d4 cxd4 4. Nxd4 a6 5. Bd3 Nc6 6. Nb3 Nf6 7. Nc3 d5 8. O-O
Bb4 9. exd5 exd5 10. Bg5 Be6 11. Kh1 h6 12. Bh4 Bxc3 13. bxc3 Ne5 14. Be2 Ng6
15. Bg3 O-O 16. f4 Ne7 17. Nd4 Nf5 18. Nxf5 Bxf5 19. Bh4 Be4 20. Bf3 Rc8 21.
Qd2 Re8 22. Rab1 b5 23. Rbd1 Qb6 24. Bf2 Qa5 25. Bd4 Qxa2 26. Rc1 Qc4 27. Qf2
Qc6 28. Qg3 Qe6 29. Be5 Qf5 30. h3 Qg6 31. Qf2 Bxf3 32. Qxf3 Ne4 33. f5 Qc6 34.
Bd4 f6 35. Qf4 Qc7 36. Qxc7 Rxc7 37. Ra1 Ng3+ 38. Kg1 Nxf1 39. Kxf1 Ra8 40. Ke2
Re7+ 41. Kf3 Re4 42. g4 Kf7 43. h4 b4 44. Ra5 bxc3 45. Bxc3 Rc4 46. Be1 Rxc2
47. Rxd5 Rc7 48. Ba5 Rb7 49. Bd2 Ke8 50. Ra5 Rb5 51. Ra1 a5 52. Ra4 Kd7 53. Ke3
Kc6 54. Kd3 Rd5+ 55. Kc3 Kb5 56. Ra1 Rc8+ 0-1